<?xml version="1.0" encoding="UTF-8"?>
<record
    xmlns:xsi="http://www.w3.org/2001/XMLSchema-instance"
    xsi:schemaLocation="http://www.loc.gov/MARC21/slim http://www.loc.gov/standards/marcxml/schema/MARC21slim.xsd"
    xmlns="http://www.loc.gov/MARC21/slim">

  <leader>01964nam a2200301 a 4500</leader>
  <controlfield tag="008">152707t2001    mx a   f      001 0 spa d</controlfield>
  <datafield tag="020" ind1=" " ind2=" ">
    <subfield code="a">84-481-2824-9</subfield>
  </datafield>
  <datafield tag="040" ind1=" " ind2=" ">
    <subfield code="a">RDA</subfield>
  </datafield>
  <datafield tag="050" ind1=" " ind2=" ">
    <subfield code="a">Q335 N54318 2001</subfield>
  </datafield>
  <datafield tag="100" ind1="1" ind2="0">
    <subfield code="a">NILSSON, Nils J.</subfield>
    <subfield code="d">,autor</subfield>
  </datafield>
  <datafield tag="240" ind1="1" ind2="0">
    <subfield code="a">Artificial Intelligence : new synthesis.</subfield>
    <subfield code="l">Espa&#xF1;ol</subfield>
  </datafield>
  <datafield tag="245" ind1="1" ind2="0">
    <subfield code="a">Inteligencia artificial:</subfield>
    <subfield code="b">: una nueva s&#xED;ntesis</subfield>
    <subfield code="c">/ Nils J. Nilsson</subfield>
  </datafield>
  <datafield tag="260" ind1=" " ind2=" ">
    <subfield code="a">Espa&#xF1;a, M&#xE9;xico</subfield>
    <subfield code="b">: McGraw-Hill</subfield>
    <subfield code="c">, c2001</subfield>
  </datafield>
  <datafield tag="300" ind1=" " ind2=" ">
    <subfield code="a">458 paginas.</subfield>
    <subfield code="b">il.</subfield>
    <subfield code="c">25cm.</subfield>
  </datafield>
  <datafield tag="337" ind1=" " ind2=" ">
    <subfield code="a">Texto</subfield>
  </datafield>
  <datafield tag="338" ind1=" " ind2=" ">
    <subfield code="a">Sin medio</subfield>
  </datafield>
  <datafield tag="339" ind1=" " ind2=" ">
    <subfield code="a">Volumen</subfield>
  </datafield>
  <datafield tag="500" ind1=" " ind2=" ">
    <subfield code="a">Licenciatura en inform&#xE1;tica/Inteligencia artificial P30 - L2 (12 001179)</subfield>
  </datafield>
  <datafield tag="500" ind1=" " ind2=" ">
    <subfield code="a">Traducci&#xF3;n de: Artificial intelligence: a new systhesis.</subfield>
  </datafield>
  <datafield tag="502" ind1=" " ind2=" ">
    <subfield code="a">Contiene indice anal&#xED;tico
Contiene Bibliografia</subfield>
  </datafield>
  <datafield tag="505" ind1=" " ind2=" ">
    <subfield code="a">Tabla de Contenidos:
INTRODUCCION
SISTEMAS REACTIVOS
AGENTES DE ESTIMULO-RESPUESTA
REDES NEURONALES
SISTEMAS EVOLUTIVOS
SISTEMAS CON ESTADOS
VISI&#xD3;N ARTIFICIAL
- B&#xDA;SQUEDA EN ESPACIOS DE ESTADO
AGENTES QUE PLANIFICAN
BUSQUEDA A CIEGAS
B&#xDA;SQUEDA HEURISTICA
PLANIFICACI&#xD3;N, ACTUACI&#xD3;N Y APRENDIZAJE
M&#xC9;TODOS ALTERNATIVOS DE B&#xDA;SQUEDA Y OTRAS
APLICACIONES.
BUSQUEDA EN PROBLEMAS DE JUEGOS
- REPRESENTACION DEL CONOCIMIENTO Y RAZONAMIENTO
EL CALCULO PROPORCIONAL
LA RESOLUCI&#xD3;N EN EL CALCULO PROPORCIONAL
EL CALCULO DE PREDICADOS
LA RESOLUCI&#xD3;N EN EL CALCULO DE PREDICADOS
SISTEMAS BASADOS EN CONOCIMIENTO
REPRESENTACION DEL SENTIDO COMUN
RAZONAMIENTO CON INCERTIDUMBRE
APRENDIZAJE Y ACTUACI&#xD3;N CON REDES BAYESIANAS
- M&#xC9;TODOS DE PLANIFICACI&#xD3;N BASADOS EN L&#xD3;GICA
EL CALCULO DE SITUACIONES
PLANIFICACI&#xD3;N
- COMUNICACION E INTEGRACION
MULTIPLES AGENTES
COMUNICACION ENTRE AGENTES
ARQUITECTURAS DE AGENTE.

BIBLIOGR&#xC1;FICA
&#xCD;NDICE</subfield>
  </datafield>
  <datafield tag="650" ind1=" " ind2=" ">
    <subfield code="a">1. INTELIGENCIA ARTIFICIAL</subfield>
  </datafield>
  <datafield tag="650" ind1=" " ind2=" ">
    <subfield code="a">  2. SISTEMAS EVOLUTIVOS.</subfield>
  </datafield>
  <datafield tag="700" ind1=" " ind2=" ">
    <subfield code="a">Marin Morales, Roque</subfield>
    <subfield code="b">,tr.</subfield>
  </datafield>
  <datafield tag="700" ind1=" " ind2=" ">
    <subfield code="a">Palma Mendez, Jose Tomas</subfield>
    <subfield code="b">,tr</subfield>
  </datafield>
  <datafield tag="700" ind1=" " ind2=" ">
    <subfield code="a">Paniagua Aris, Enrique</subfield>
    <subfield code="b">,tr.</subfield>
  </datafield>
  <datafield tag="942" ind1=" " ind2=" ">
    <subfield code="2">lcc</subfield>
    <subfield code="c">LB</subfield>
  </datafield>
  <datafield tag="952" ind1=" " ind2=" ">
    <subfield code="0">0</subfield>
    <subfield code="1">0</subfield>
    <subfield code="2">lcc</subfield>
    <subfield code="4">0</subfield>
    <subfield code="7">0</subfield>
    <subfield code="a">12</subfield>
    <subfield code="b">12</subfield>
    <subfield code="d">2015-07-27</subfield>
    <subfield code="l">2</subfield>
    <subfield code="o">Q335 N54318 2001</subfield>
    <subfield code="p">12 001178</subfield>
    <subfield code="r">2015-10-16</subfield>
    <subfield code="s">2015-10-16</subfield>
    <subfield code="t">2</subfield>
    <subfield code="w">2012-11-01</subfield>
    <subfield code="y">LB</subfield>
  </datafield>
  <datafield tag="952" ind1=" " ind2=" ">
    <subfield code="0">0</subfield>
    <subfield code="1">0</subfield>
    <subfield code="2">lcc</subfield>
    <subfield code="4">0</subfield>
    <subfield code="7">0</subfield>
    <subfield code="a">12</subfield>
    <subfield code="b">12</subfield>
    <subfield code="d">2015-07-27</subfield>
    <subfield code="l">2</subfield>
    <subfield code="o">Q335 N54318 2001</subfield>
    <subfield code="p">12 001179</subfield>
    <subfield code="r">2015-10-16</subfield>
    <subfield code="s">2015-10-16</subfield>
    <subfield code="t">1</subfield>
    <subfield code="w">2012-11-01</subfield>
    <subfield code="y">LB</subfield>
  </datafield>
  <datafield tag="999" ind1=" " ind2=" ">
    <subfield code="c">87203</subfield>
    <subfield code="d">87203</subfield>
  </datafield>
</record>
